AH International Schools' Libraries

Some pets / (Record no. 49166)

MARC details
000 -LEADER
fixed length control field 00310nam a2200109 4500
020 ## - INTERNATIONAL STANDARD BOOK NUMBER
International Standard Book Number 9781481444026
100 ## - MAIN ENTRY--PERSONAL NAME
Personal name Diterlizzi, Angela
9 (RLIN) 65336
245 ## - TITLE STATEMENT
Title Some pets /
Statement of responsibility, etc Angela Diterlizzi & Brendan Wenzel
260 ## - PUBLICATION, DISTRIBUTION, ETC. (IMPRINT)
Place of publication, distribution, etc New York
Name of publisher, distributor, etc Beach Lane Books
Date of publication, distribution, etc 2016
300 ## - PHYSICAL DESCRIPTION
Extent unpaged.
Other physical details col. ill.
Dimensions 29 cm.
942 ## - ADDED ENTRY ELEMENTS (KOHA)
Source of classification or shelving scheme
Koha item type Book
Holdings
Withdrawn status Lost status Source of classification or shelving scheme Damaged status Not for loan Collection code Home library Current library Shelving location Date acquired Total Checkouts Full call number Barcode Checked out Date last seen Date checked out Price effective from Koha item type
          TEACHERS' RESOURCES Asian Hope Early Years Library Asian Hope Early Years Library Easy Reading 08/07/2025 1 E DIT 208905 08/08/2025 08/08/2025 08/08/2025 08/07/2025 Book

For any Logos Library related questions please contact Miss Art at swongnarasuk@asianhope.org.

For any Asian Hope Library related questions please contact Miss Raza at graza@asianhope.org.

Click here to explore our ebooks!

Powered by Koha